[Event "78th UKR-ch"]
[Site "Alushta UKR"]
[Date "2009.05.13"]
[Round "3"]
[White "Dementiev, Oleg"]
[WhiteElo "1959"]
[Black "Matviychuk, Olexandr"]
[BlackElo "2149"]
[Result "1/2-1/2"]
[EventDate "2009.05.10"]
[PlyCount "58"]

1. e4 c5 2. Nf3 g6 3. Nc3 Bg7 4. d4 cxd4 5. Nxd4 Nc6 6. Nb3 Nf6 7. Be2 O-O 8.
f4 d6 9. Be3 Be6 10. g4 Rc8 11. f5 Bxb3 12. axb3 Nb4 13. Bf3 Nd7 14. O-O a6 15.
Rf2 Ne5 16. Bg2 Qc7 17. Ra4 Nec6 18. g5 Be5 19. Qg4 b5 20. Rxb4 Nxb4 21. Qh4 d5
22. f6 d4 23. Bf4 exf6 24. gxf6 Bxf4 25. Rxf4 h5 26. Qg5 dxc3 27. Qh6 Qb6+ 28.
Kh1 Qxf6 29. Rxf6 cxb2 1/2-1/2

[Event "78th UKR-ch"]
[Site "Alushta UKR"]
[Date "2009.05.13"]
[Round "3"]
[White "Matsegora, Taras"]
[WhiteElo "2196"]
[Black "Rudak, Vladimir"]
[BlackElo "2327"]
[Result "1/2-1/2"]
[EventDate "2009.05.10"]
[PlyCount "116"]

1. d4 d5 2. c4 c6 3. Nd2 Nf6 4. Ngf3 e6 5. g3 Nbd7 6. Bg2 Bd6 7. O-O O-O 8. b3
b5 9. c5 Bc7 10. Bb2 Re8 11. b4 a5 12. a4 Ba6 13. bxa5 bxa4 14. Rxa4 Bb5 15.
Ra3 Rxa5 16. Re1 Qa8 17. Rxa5 Bxa5 18. Qc2 Qb7 19. Bc3 Bc7 20. Rb1 Ra8 21. e3
Qa6 22. Ra1 Qb7 23. Rb1 Qa6 24. Ra1 Qb7 25. Qb2 Rxa1+ 26. Qxa1 Qa6 27. Qb1 Bd3
28. Bf1 Bxf1 29. Qxf1 Qa3 30. Nb1 Qa2 31. Nfd2 h6 32. Qd1 Ne4 33. Nxe4 dxe4 34.
Nd2 f5 35. Qb3 Qxb3 36. Nxb3 Nf6 37. Ba5 Bb8 38. Bb6 Nd5 39. Na5 Nb4 40. Nb7 e5
41. Ba5 Nd5 42. Nd8 Ne7 43. Bb6 exd4 44. exd4 Kf8 45. f3 exf3 46. Kf2 Ke8 47.
Ne6 Kf7 48. Nd8+ Ke8 49. Ne6 g6 50. Kxf3 Nd5 51. Ba5 Ke7 52. Nd8 Kd7 53. Nf7 h5
54. Bd2 Ke7 55. Ng5 Nf6 56. Bf4 Bxf4 57. Kxf4 Nd5+ 58. Ke5 Nb4 1/2-1/2

[Event "78th UKR-ch"]
[Site "Alushta UKR"]
[Date "2009.05.13"]
[Round "3"]
[White "Borzov, Dmytro"]
[WhiteElo "2209"]
[Black "Kovalenko, Igor"]
[BlackElo "2449"]
[Result "0-1"]
[EventDate "2009.05.10"]
[PlyCount "88"]

1. d4 f5 2. Nf3 Nf6 3. g3 g6 4. Bg2 Bg7 5. c4 O-O 6. O-O d6 7. Nc3 Nc6 8. d5
Na5 9. Nd2 c5 10. Qc2 e5 11. dxe6 Bxe6 12. Nd5 Bxd5 13. cxd5 b5 14. e3 Rc8 15.
Nb1 Qd7 16. Nc3 b4 17. Ne2 g5 18. a3 b3 19. Qd1 Ne4 20. f3 Nf6 21. e4 fxe4 22.
Bxg5 exf3 23. Bxf3 Ng4 24. Nc3 Ne5 25. Bg2 Rxf1+ 26. Qxf1 Rf8 27. Qd1 Qg4 28.
Be7 Qxd1+ 29. Rxd1 Re8 30. Bxd6 Nec4 31. Bxc5 Nxb2 32. Rf1 Bxc3 33. d6 Rd8 34.
Bd5+ Kg7 35. Rf7+ Kg6 36. Rxa7 Rxd6 37. Be4+ Kf6 38. Bxd6 Bd4+ 39. Kg2 Bxa7 40.
Bxh7 Nbc4 41. Bb4 Nc6 42. Bc3+ Bd4 43. Be1 b2 44. a4 Ne3+ 0-1

[Event "78th UKR-ch"]
[Site "Alushta UKR"]
[Date "2009.05.13"]
[Round "3"]
[White "Arkhipov, Vladimir"]
[WhiteElo "2183"]
[Black "Varchenko, Hryhorii"]
[BlackElo "2125"]
[Result "0-1"]
[EventDate "2009.05.10"]
[PlyCount "158"]

1. Nf3 c5 2. c4 Nc6 3. g3 g6 4. Bg2 Bg7 5. O-O d6 6. Nc3 a6 7. e3 e5 8. d4 cxd4
9. exd4 Bg4 10. Re1 Nge7 11. dxe5 dxe5 12. Nd5 O-O 13. Bg5 f6 14. Be3 Rf7 15.
Bb6 Qd7 16. Qb3 Nf5 17. Rad1 Qc8 18. h3 Bxf3 19. Bxf3 Rb8 20. Bg2 Kh8 21. Qa4
Nfd4 22. Nc3 f5 23. Ne2 Nxe2+ 24. Rxe2 e4 25. Red2 h5 26. h4 Kh7 27. a3 Qe8 28.
b4 Bh6 29. Re2 Rd7 30. Qc2 Rc8 31. f3 Ne5 32. fxe4 Rxc4 33. Qb1 f4 34. Rc2 fxg3
35. Rd5 Rc6 36. Bd4 Ng4 37. Rcc5 Be3+ 38. Bxe3 Nxe3 39. Rxd7+ Qxd7 40. Rxc6
Qxc6 41. Qe1 Nxg2 42. Kxg2 Qc2+ 43. Kxg3 Qb3+ 44. Kf4 Qxa3 45. Ke5 Qd3 46. Ke6
Qc4+ 47. Kf6 Qc6+ 48. Kg5 Qe6 49. Kf4 Qf6+ 50. Kg3 g5 51. hxg5 Qxg5+ 52. Kh3
Kg6 53. e5 Qf5+ 54. Kg2 Kf7 55. Qc3 Qe4+ 56. Kg3 Ke6 57. Qc8+ Kxe5 58. Qc5+ Qd5
59. Qc3+ Kd6 60. Qf6+ Kc7 61. Qe7+ Kb6 62. Kh4 Kb5 63. Qf8 b6 64. Qe7 Qf5 65.
Kg3 Qg4+ 66. Kf2 Qxb4 67. Qe8+ Ka5 68. Kg3 Qg4+ 69. Kf2 Qd4+ 70. Kg3 h4+ 71.
Kh3 b5 72. Qe7 Qc3+ 73. Kg2 h3+ 74. Kh2 b4 75. Qd8+ Ka4 76. Qd7+ Ka3 77. Qd8
Kb2 78. Qa5 b3 79. Qxa6 Qf3 0-1

[Event "78th UKR-ch"]
[Site "Alushta UKR"]
[Date "2009.05.13"]
[Round "3"]
[White "Kariaka, Anatolii"]
[WhiteElo "2126"]
[Black "Vatinyan, Gor"]
[BlackElo "1951"]
[Result "1-0"]
[EventDate "2009.05.10"]
[PlyCount "123"]

1. d4 d6 2. Nf3 Nd7 3. e4 e5 4. Bc4 Be7 5. O-O Ngf6 6. Nc3 O-O 7. a4 a5 8. Re1
h6 9. h3 c6 10. Bf1 Re8 11. Be3 Nh7 12. Nd2 Bg5 13. Nc4 Bxe3 14. Rxe3 Nb6 15.
dxe5 Nxc4 16. Bxc4 dxe5 17. Rd3 Qb6 18. Ne2 Ng5 19. Ng3 Be6 20. Bxe6 Nxe6 21.
Nf5 Rad8 22. Nd6 Rf8 23. Raa3 Nc5 24. Rd2 Qc7 25. Rg3 Kh7 26. Qh5 Rxd6 27. Qxe5
g6 28. Qxd6 Qxd6 29. Rxd6 Nxe4 30. Rd7 Nxg3 31. fxg3 b5 32. b3 Kg7 33. Ra7 Rd8
34. Rxa5 Rd1+ 35. Kh2 Ra1 36. Ra6 bxa4 37. Rxa4 Re1 38. Rc4 Re6 39. g4 g5 40.
Kg3 Rf6 41. Rc5 Kg6 42. b4 Kg7 43. c4 Kf8 44. Rf5 Rd6 45. Kf3 Rd3+ 46. Ke4 Rb3
47. Rf6 Rxb4 48. Rxc6 Ke7 49. Kd5 Rb2 50. Rxh6 Rxg2 51. Kc6 Ra2 52. Rh5 f6 53.
c5 Ke6 54. Rh8 Ke7 55. Kc7 Rb2 56. Rh7+ Ke8 57. Kd6 Kf8 58. c6 Kg8 59. Ra7 f5
60. c7 Rc2 61. Ra8+ Kf7 62. c8=Q 1-0

[Event "78th UKR-ch"]
[Site "Alushta UKR"]
[Date "2009.05.13"]
[Round "3"]
[White "Mukhtarov, Leonid"]
[WhiteElo "2115"]
[Black "Truskavetsky, Alexandr"]
[BlackElo "2391"]
[Result "0-1"]
[EventDate "2009.05.10"]
[PlyCount "104"]

1. Nf3 d5 2. g3 c5 3. Bg2 Nc6 4. O-O e5 5. d3 Bd6 6. e4 d4 7. Na3 Nge7 8. c3
O-O 9. cxd4 cxd4 10. Nc4 Bc7 11. a4 Be6 12. b3 Rb8 13. Ng5 Bc8 14. Qh5 h6 15.
Nh3 f5 16. f4 b5 17. Nxe5 Nxe5 18. fxe5 Bxe5 19. exf5 bxa4 20. bxa4 Rxf5 21.
Rxf5 Bxf5 22. g4 Qc7 23. gxf5 Qc3 24. Bb2 Qxb2 25. Re1 Bf6 26. Nf4 Qd2 27. Rf1
Rb2 28. Qg4 Qe3+ 29. Kh1 Rf2 30. Nh5 Rxf1+ 31. Bxf1 Qf2 32. Ng3 Be5 33. f6 Bxf6
34. Qe6+ Kh8 35. Bg2 Qc2 36. h3 Qxd3 37. Ne4 Qb1+ 38. Kh2 Qb8+ 39. Kh1 Qb6 40.
Kh2 Qb8+ 41. Kh1 Be5 42. Bf3 Qc7 43. Kg2 d3 44. Nf2 d2 45. Qf7 Qd8 46. Qe6 Bd4
47. Ne4 Nd5 48. Kf1 Ne3+ 49. Kg1 d1=Q+ 50. Bxd1 Nxd1+ 51. Kg2 Ne3+ 52. Kh1 Qf8
0-1

[Event "78th UKR-ch"]
[Site "Alushta UKR"]
[Date "2009.05.13"]
[Round "3"]
[White "Cherednichenko, Svetlana"]
[WhiteElo "2361"]
[Black "Yermolkevych, Oleksii"]
[BlackElo "2097"]
[Result "1/2-1/2"]
[EventDate "2009.05.10"]
[PlyCount "83"]

1. d4 d5 2. c4 e6 3. Nc3 c6 4. e3 f5 5. Bd3 Nf6 6. Nge2 Bd6 7. f3 O-O 8. Qc2
Bd7 9. Bd2 Na6 10. a3 Nc7 11. O-O-O dxc4 12. Bxc4 b5 13. Ba2 Kh8 14. e4 fxe4
15. Nxe4 Nxe4 16. Qxe4 Nd5 17. Bb1 g6 18. h4 Rf7 19. Bg5 Be7 20. f4 Nf6 21. Qf3
Rc8 22. Bc2 Qf8 23. Ng3 Nd5 24. Ne2 Kg7 25. h5 Bxg5 26. hxg6 hxg6 27. Bxg6 Rxf4
28. Rh7+ Kxg6 29. Qh5+ Kf6 30. Nxf4 Nxf4 31. Rf1 Be8 32. Qh2 Kg6 33. Kb1 Qf5+
34. Ka1 Qg4 35. g3 Qe2 36. Rf2 Qd1+ 37. Ka2 Nd3 38. Rh8 Nc1+ 39. Ka1 Nd3+ 40.
Ka2 Nc1+ 41. Ka1 Nd3+ 42. Ka2 1/2-1/2

[Event "78th UKR-ch"]
[Site "Alushta UKR"]
[Date "2009.05.13"]
[Round "3"]
[White "Mamonova, Yulia"]
[WhiteElo "2009"]
[Black "Stolpovskyi, Serhii"]
[BlackElo "2151"]
[Result "1/2-1/2"]
[EventDate "2009.05.10"]
[PlyCount "131"]

1. d4 Nf6 2. Nf3 g6 3. Bf4 Bg7 4. c3 O-O 5. h3 b6 6. Nbd2 Bb7 7. e3 d6 8. Be2
Nbd7 9. O-O Re8 10. Bh2 e5 11. a4 a5 12. Bb5 Rc8 13. dxe5 dxe5 14. Nc4 e4 15.
Nfe5 c6 16. Nxf7 Qe7 17. Ncd6 cxb5 18. Nxc8 Bxc8 19. Nd6 Rf8 20. Qb3+ Kh8 21.
Qxb5 Ne5 22. Nxc8 Rxc8 23. Qxb6 Nd3 24. Rab1 Nd5 25. Qxa5 Qf7 26. Qa6 Rf8 27.
Bg3 Bh6 28. Qd6 Qf5 29. Rbd1 Nf6 30. b4 Nh5 31. Bh4 g5 32. Qxh6 gxh4 33. Rd2
Rg8 34. f3 exf3 35. Qc6 f2+ 36. Rdxf2 Nxf2 37. Rxf2 Qb1+ 38. Kh2 Qe1 39. Qf3
Ng7 40. e4 h6 41. a5 Kh7 42. a6 Rc8 43. a7 Ra8 44. Ra2 Qb1 45. Ra6 Qb3 46. e5
Qc4 47. Rc6 Qa2 48. Qe4+ Kg8 49. Rc7 Rxa7 50. Rc8+ Kf7 51. Qf3+ Ke6 52. Rc6+
Kd7 53. Rd6+ Ke8 54. Qc6+ Ke7 55. Qf3 Ke8 56. Qf6 Re7 57. Ra6 Qc4 58. Ra5 Qe4
59. Qxh6 Rxe5 60. Ra8+ Kf7 61. Ra7+ Re7 62. Ra5 Re6 63. Ra7+ Re7 64. Ra6 Re6
65. Ra7+ Re7 66. Ra6 1/2-1/2

[Event "78th UKR-ch"]
[Site "Alushta UKR"]
[Date "2009.05.13"]
[Round "3"]
[White "Domnin, Sergei"]
[WhiteElo "2095"]
[Black "Kalinina, Olga"]
[BlackElo "2159"]
[Result "0-1"]
[EventDate "2009.05.10"]
[PlyCount "92"]

1. e4 c5 2. Nf3 e6 3. c4 Nc6 4. Nc3 Qb6 5. g3 d6 6. Bg2 Nf6 7. O-O a6 8. d3 Be7
9. a3 O-O 10. Be3 Qc7 11. d4 cxd4 12. Nxd4 Ne5 13. b3 b5 14. Rc1 bxc4 15. Na4
Bd7 16. Nb2 Qb7 17. Nxc4 Nxc4 18. Rxc4 e5 19. Rb4 Qc8 20. Rc4 Qe8 21. Nf5 Bxf5
22. exf5 d5 23. Ra4 Qb5 24. Bg5 Rfd8 25. Re1 e4 26. Bf1 Qc6 27. Re2 h6 28. Be3
Qd7 29. Rd2 Qxf5 30. Bxa6 Ng4 31. Bd4 Bg5 32. Be2 Nxf2 33. Bxf2 Rxa4 34. bxa4
e3 35. Bg4 Qf6 36. Rc2 exf2+ 37. Kg2 Be3 38. Qd3 g6 39. Rc8 Rxc8 40. Bxc8 Qa1
41. Ba6 Qg1+ 42. Kh3 h5 43. Qb5 Kg7 44. Qb2+ Kh7 45. Qf6 Kg8 46. Qf3 g5 0-1

[Event "78th UKR-ch"]
[Site "Alushta UKR"]
[Date "2009.05.13"]
[Round "3"]
[White "Lomakin, Viktor"]
[WhiteElo "2120"]
[Black "Burdalev, Kirill"]
[BlackElo "2217"]
[Result "1/2-1/2"]
[EventDate "2009.05.10"]
[PlyCount "60"]

1. d4 Nf6 2. c4 g6 3. Nc3 Bg7 4. e4 d6 5. Nge2 O-O 6. Ng3 Nc6 7. d5 Nb8 8. Be2
a5 9. Rb1 Na6 10. a3 Ne8 11. Be3 Bd7 12. Bd4 c5 13. Bxg7 Nxg7 14. f4 e6 15. O-O
exd5 16. Nxd5 f6 17. Qd2 Bc6 18. Rbd1 Kh8 19. Bg4 Bxd5 20. Qxd5 Qb6 21. Qd2
Rad8 22. h4 Qb3 23. Rf3 Qxc4 24. Rd3 f5 25. Rxd6 Rde8 26. Be2 Qb3 27. Rd3 Qb6
28. Rd6 Qb3 29. Rd3 Qb6 30. Rd6 Qb3 1/2-1/2

[Event "78th UKR-ch"]
[Site "Alushta UKR"]
[Date "2009.05.13"]
[Round "3"]
[White "Khazankin, Moisei"]
[WhiteElo "2134"]
[Black "Tikhonov, Gennady"]
[BlackElo "1984"]
[Result "1-0"]
[EventDate "2009.05.10"]
[PlyCount "115"]

1. e4 c6 2. d4 d5 3. exd5 cxd5 4. Bd3 Nc6 5. c3 Nf6 6. Bf4 Qb6 7. Qb3 Qxb3 8.
axb3 Nh5 9. Be3 e6 10. Nf3 Bd6 11. g3 O-O 12. b4 Bd7 13. b5 Ne7 14. Ne5 Rfd8
15. Nxd7 Rxd7 16. f4 Nf6 17. Nd2 Nf5 18. Bf2 Bc7 19. O-O Nd6 20. Rfe1 Bb6 21.
h3 h5 22. Kg2 g6 23. Kf3 Kg7 24. g4 hxg4+ 25. hxg4 Rh8 26. Rh1 Rxh1 27. Rxh1
Rd8 28. Bh4 Ra8 29. Bxf6+ Kxf6 30. Rh7 a5 31. bxa6 bxa6 32. g5+ Ke7 33. Bxg6
Rg8 34. Bd3 a5 35. Kg4 Ke8 36. Nf3 Bd8 37. Ne5 a4 38. Bc2 a3 39. bxa3 Ba5 40.
Ba4+ Kf8 41. Bc2 Bxc3 42. Nc6 Nb5 43. Rh3 Ba1 44. Rd3 Kg7 45. a4 Nc3 46. Rh3
Ne4 47. Bxe4 dxe4 48. Ra3 Bb2 49. Rb3 Rc8 50. Rb6 Bc1 51. a5 Rh8 52. Rb1 Bd2
53. a6 e3 54. a7 Ra8 55. Kf3 Rc8 56. Ke2 Rxc6 57. a8=Q Rc2 58. Qa4 1-0

[Event "78th UKR-ch"]
[Site "Alushta UKR"]
[Date "2009.05.13"]
[Round "3"]
[White "Chernoukhov, Oleksandr"]
[WhiteElo "1869"]
[Black "Pylyposian, Mikael"]
[BlackElo "1988"]
[Result "1-0"]
[EventDate "2009.05.10"]
[PlyCount "123"]

1. d4 d5 2. Nc3 Nf6 3. Bg5 c5 4. e3 Ne4 5. Nxe4 dxe4 6. Bc4 cxd4 7. exd4 g6 8.
c3 Bg7 9. Qd2 O-O 10. Ne2 b6 11. Ng3 Bb7 12. O-O Nd7 13. Rfe1 Rc8 14. Bb3 Nf6
15. Bc2 Qd5 16. Bxf6 Bxf6 17. Bxe4 Qd7 18. Bxb7 Qxb7 19. Ne4 Bg7 20. Qe2 Rfe8
21. Qf3 Qd7 22. Re2 Rcd8 23. Rae1 e5 24. dxe5 Rxe5 25. Ng3 Rxe2 26. Qxe2 Qd2
27. Kf1 Qd5 28. a3 Qg5 29. Rd1 Rf8 30. Kg1 Qa5 31. Nf1 Qa4 32. Ne3 Re8 33. Qc4
Qa5 34. Rd5 b5 35. Rxb5 Qd8 36. Rb7 Re7 37. Rxe7 Qxe7 38. b4 Qe5 39. Qc8+ Bf8
40. h3 Kg7 41. Qc4 Qb8 42. Qd4+ Kg8 43. Nd5 Bg7 44. Qe3 Qd6 45. c4 Bb2 46. Qd2
Be5 47. c5 Qd8 48. a4 Qe8 49. Qe3 Qe6 50. Qd3 Qe8 51. b5 Qd8 52. Qe4 Bb8 53.
Qd4 Qg5 54. Nf6+ Kg7 55. Ne4+ Be5 56. Nxg5 Bxd4 57. Ne4 Kf8 58. a5 Ke7 59. a6
Be5 60. b6 Bb8 61. c6 axb6 62. c7 1-0

[Event "78th UKR-ch"]
[Site "Alushta UKR"]
[Date "2009.05.14"]
[Round "4"]
[White "Tukhaev, Adam"]
[WhiteElo "2517"]
[Black "Strelnikov, Sergei"]
[BlackElo "2393"]
[Result "1-0"]
[EventDate "2009.05.10"]
[PlyCount "81"]

1. e4 c6 2. d4 d5 3. Nc3 dxe4 4. Nxe4 Bf5 5. Nc5 e5 6. Nxb7 Qe7 7. Na5 exd4+ 8.
Be2 Qb4+ 9. Bd2 Qxb2 10. Bd3 Bb4 11. Nf3 Bxd3 12. cxd3 Bxd2+ 13. Nxd2 Qb4 14.
Nac4 Nf6 15. Qe2+ Qe7 16. Nd6+ Kf8 17. N2c4 Nbd7 18. Qxe7+ Kxe7 19. Nf5+ Kf8
20. Kd2 c5 21. Rhe1 g6 22. Nfd6 Rb8 23. Rab1 Kg7 24. Rxb8 Rxb8 25. Re7 25...
Rb1 $11 26. Rxf7+ Kh6 27. h4 Kh5 28. Ne8 Nxe8 29. Rxh7+ Kg4 30. Rxd7 Kxh4 31.
Rxa7 Rg1 32. g3+ Kg4 33. a4 Nf6 34. a5 Nd5 35. Ne5+ Kf5 36. Nd7 c4 37. dxc4 Nb4
38. Rb7 Rb1 39. Rb5+ Ke4 40. Nc5+ Kf3 41. Nd3 1-0

[Event "78th UKR-ch"]
[Site "Alushta UKR"]
[Date "2009.05.14"]
[Round "4"]
[White "Kislinsky, Alexey"]
[WhiteElo "2455"]
[Black "Bernadskyi, Vitalii"]
[BlackElo "2327"]
[Result "1/2-1/2"]
[EventDate "2009.05.10"]
[PlyCount "81"]

1. e4 e6 2. d4 d5 3. exd5 exd5 4. Nf3 Nf6 5. Bd3 c5 6. O-O c4 7. Re1+ Be7 8.
Bf1 O-O 9. Bg5 Nc6 10. Nc3 Bg4 11. Re3 Ne4 12. Bxe7 Nxc3 13. Qe1 Nxe7 14. Qxc3
Nf5 15. Re5 Bxf3 16. Rxf5 Be4 17. Re5 f6 18. Rh5 b5 19. Re1 Bg6 20. Rh3 Qd6 21.
Rhe3 b4 22. Qd2 Rfe8 23. g3 Rxe3 24. Rxe3 Re8 25. Bg2 Rxe3 26. Qxe3 h6 27. c3
a5 28. h4 Kh7 29. Bf3 Qd7 30. h5 Bd3 31. Kh2 bxc3 32. bxc3 Qf5 33. g4 Qd7 34.
Kh3 a4 35. a3 Qd6 36. Kg2 f5 37. gxf5 Bxf5 38. Qc1 Be4 39. Bxe4+ dxe4 40. Qc2
Qf4 41. Qe2 1/2-1/2

[Event "78th UKR-ch"]
[Site "Alushta UKR"]
[Date "2009.05.14"]
[Round "4"]
[White "Dmitrenko, Viktor"]
[WhiteElo "2338"]
[Black "Kharchenko, Boris"]
[BlackElo "2474"]
[Result "1/2-1/2"]
[EventDate "2009.05.10"]
[PlyCount "57"]

1. d4 d5 2. Nf3 Nf6 3. c4 c6 4. Qc2 dxc4 5. Qxc4 Bg4 6. Nbd2 Nbd7 7. g3 e6 8.
Bg2 Be7 9. O-O O-O 10. Ne5 Bh5 11. Ndf3 Nxe5 12. Nxe5 Qb6 13. h3 Rfd8 14. e3
Nd7 15. Nxd7 Rxd7 16. b3 $11 16... c5 17. Bb2 Rad8 18. Rfc1 cxd4 19. Bxd4 Qa5
20. Qa4 Qxa4 21. bxa4 Ba3 22. Rcb1 b6 23. a5 Bc5 24. axb6 axb6 25. Bxc5 bxc5
26. g4 Bg6 27. Rc1 Rc7 28. a4 Bd3 29. Rd1 1/2-1/2

[Event "78th UKR-ch"]
[Site "Alushta UKR"]
[Date "2009.05.14"]
[Round "4"]
[White "Pavlov, Maxim"]
[WhiteElo "2353"]
[Black "Dolzhykova, Kateryna"]
[BlackElo "2291"]
[Result "1-0"]
[EventDate "2009.05.10"]
[PlyCount "151"]

1. e4 c5 2. Nf3 d6 3. d4 cxd4 4. Nxd4 Nf6 5. Nc3 a6 6. Be3 e5 7. Nb3 Be6 8. Qd2
Be7 9. O-O-O Nbd7 10. h3 O-O 11. Kb1 b5 12. g4 Nb6 13. g5 Nfd7 14. Nd5 Nxd5 15.
exd5 Bf5 16. Na5 Be4 17. Nc6 Qe8 18. Rg1 Nb8 19. Na5 Bd8 20. Be2 Bf5 21. h4
Bxa5 22. Qxa5 Nd7 23. Rc1 Qd8 24. Qxd8 Rfxd8 25. b3 Rdc8 26. Kb2 Nc5 27. f3 Rc7
28. Rgd1 Rac8 29. c4 b4 30. Ra1 Rb8 31. a3 Bc8 32. axb4 Rxb4 33. Ra3 Rcb7 34.
Bxc5 dxc5 35. Bd3 Kf8 36. Kc3 R4b6 37. Re1 f6 38. Bc2 Ke7 39. f4 Kd6 40. fxe5+
fxe5 41. Bxh7 Rf7 42. Bc2 Rf3+ 43. Kd2 Rh3 44. Rf1 Rxh4 45. Rf7 Rh2+ 46. Kc3
Rh3+ 47. Kb2 Rh2 48. Ra5 Bg4 49. Ra2 e4 50. Rxg7 e3 51. Kc3 Bf5 52. Rg8 Ke7 53.
Bb1 e2 54. Rxe2+ Rxe2 55. Bxf5 Re3+ 56. Bd3 Rg3 57. Rc8 Rxg5 58. Rxc5 Rg3 59.
Rc7+ Kd8 60. Rf7 Rh6 61. Rf4 Kc7 62. c5 Rh5 63. Rd4 Rgh3 64. Kc4 R3h4 65. Be4
Re5 66. d6+ Kd8 67. Bd5 Rh2 68. c6 Rc2+ 69. Kb4 Kc8 70. Bc4 a5+ 71. Ka3 Rc5 72.
c7 Rxc7 73. dxc7 Kxc7 74. Ka4 Ra2+ 75. Kb5 Ra1 76. Rg4 1-0

[Event "78th UKR-ch"]
[Site "Alushta UKR"]
[Date "2009.05.14"]
[Round "4"]
[White "Veremiy, Bogdan"]
[WhiteElo "2239"]
[Black "Chos, Alexei"]
[BlackElo "2324"]
[Result "1-0"]
[EventDate "2009.05.10"]
[PlyCount "95"]

1. e4 d5 2. exd5 Nf6 3. d4 Qxd5 4. Nc3 Qa5 5. Nf3 c6 6. Be2 Bf5 7. O-O e6 8.
Ne5 Nbd7 9. f4 h5 10. Bd3 g6 11. Qe2 Be7 12. Ne4 Bxe4 13. Bxe4 Nxe4 14. Qxe4 f5
15. Nc4 Qd5 16. Qe2 b5 17. Ne5 Nxe5 18. dxe5 Bc5+ 19. Be3 Qe4 20. Rae1 Qxe3+
21. Qxe3 Bxe3+ 22. Rxe3 O-O-O 23. a4 bxa4 24. Rc3 Kb7 25. Rc4 a3 26. Rb4+ Kc7
27. bxa3 a5 28. Rb3 Rhg8 29. Rfb1 Rb8 30. Kf2 Rxb3 31. Rxb3 g5 32. Rh3 gxf4 33.
Rxh5 Kb6 34. Rh6 Rd8 35. Rxe6 Rd2+ 36. Kf3 Rxc2 37. h4 Rc3+ 38. Kxf4 Rxa3 39.
h5 Ra4+ 40. Kxf5 Rh4 41. g4 a4 42. Re8 a3 43. Ra8 Rh3 44. e6 Re3 45. h6 Kb7 46.
Ra4 Kc7 47. h7 Rh3 48. Rxa3 1-0

[Event "78th UKR-ch"]
[Site "Alushta UKR"]
[Date "2009.05.14"]
[Round "4"]
[White "Finherov, Dmytro"]
[WhiteElo "2381"]
[Black "Savvopulo, Anatoly"]
[BlackElo "2074"]
[Result "1-0"]
[EventDate "2009.05.10"]
[PlyCount "129"]

1. e4 e6 2. d4 d5 3. exd5 exd5 4. Nf3 Nf6 5. Bd3 Bd6 6. Qe2+ Qe7 7. Qxe7+ Bxe7
8. Bf4 c6 9. Nbd2 Nh5 10. Bc7 Be6 11. h3 Kd7 12. Bh2 Bd6 13. Ne5+ Bxe5 14. dxe5
g6 15. O-O Ng7 16. c4 Na6 17. cxd5 Bxd5 18. Rfc1 Nb4 19. Bb1 a5 20. a3 Na6 21.
Nc4 Bxc4 22. Rxc4 Ne6 23. f4 h5 24. f5 gxf5 25. Bxf5 Nac7 26. Rf1 Nd5 27. Bf4
Rhg8 28. Bd2 Ke7 29. Rh4 Rh8 30. Rc1 Ra6 31. Rc2 Raa8 32. Ra4 b5 33. Rh4 Kd7
34. Be4 Nd4 35. Bxd5 Nxc2 36. Bxf7 c5 37. e6+ Kc6 38. Bc3 Nd4 39. Bxd4 cxd4 40.
e7 Kd7 41. e8=Q+ Rhxe8 42. Bxe8+ Rxe8 43. Rxd4+ Kc6 44. Rf4 Re1+ 45. Rf1 Re2
46. Rf2 Re1+ 47. Kh2 h4 48. g3 hxg3+ 49. Kxg3 b4 50. Rf5 Kb6 51. axb4 axb4 52.
h4 Rg1+ 53. Kh2 Rc1 54. Kg2 Rc2+ 55. Rf2 Rc5 56. Kg3 b3 57. Rf3 Rb5 58. Kg4 Ka6
59. h5 Rb6 60. Kg5 Ka5 61. h6 Rb5+ 62. Kg6 Rb8 63. Rf5+ Ka6 64. h7 Rh8 65. Rh5
1-0

[Event "78th UKR-ch"]
[Site "Alushta UKR"]
[Date "2009.05.14"]
[Round "4"]
[White "Razin, Vadim"]
[WhiteElo "2284"]
[Black "Nyzhnyk, Illya"]
[BlackElo "2499"]
[Result "1/2-1/2"]
[EventDate "2009.05.10"]
[PlyCount "202"]

1. d4 Nf6 2. Nf3 e6 3. c4 Bb4+ 4. Nbd2 O-O 5. a3 Bxd2+ 6. Bxd2 d6 7. Bg5 Qe7 8.
e3 b6 9. Bd3 Bb7 10. O-O Nbd7 11. Re1 h6 12. Bh4 g5 13. Bg3 Ne4 14. Nd2 Nxd2
15. Qxd2 f5 16. f3 e5 17. e4 f4 18. Bf2 c5 19. d5 h5 20. Be2 Kh7 21. b4 Rg8 22.
h3 Nf6 23. bxc5 dxc5 24. Qc3 Qd6 25. a4 Bc8 26. a5 g4 27. fxg4 hxg4 28. hxg4
Nxg4 29. Qh3+ Nh6 30. Qh5 Bd7 31. axb6 axb6 32. Rxa8 Rxa8 33. Bh4 33... Rg8 $11
34. Bg5 Qg6 35. Qxh6+ Qxh6 36. Bxh6 Kxh6 37. Ra1 Rg6 38. Ra8 Kg5 39. Rb8 Ba4
40. Rb7 Rd6 41. Rf7 Bd7 42. Rf8 Rg6 43. Kf2 Rh6 44. Rf7 Rd6 45. Ke1 Kg6 46. Rf8
Rf6 47. Rd8 Rf7 48. Rg8+ Kh6 49. Rh8+ Kg5 50. Rg8+ Kh6 51. Kf2 Rg7 52. Ra8 Rg6
53. Ra7 Rd6 54. Bd1 b5 55. cxb5 Bxb5 56. Re7 c4 57. Rxe5 c3 58. Rh5+ Kg6 59.
Rh3 Kf6 60. Rxc3 Ke5 61. Bf3 Bd7 62. Rc7 Kd4 63. Rb7 Ke5 64. Ke2 Kd4 65. Kd2
Be8 66. Re7 Bg6 67. Ra7 Be8 68. e5 Rb6 69. e6 Bg6 70. Ra4+ Ke5 71. Kc3 Rb8 72.
Ra6 Rc8+ 73. Kb4 Be8 74. Ra1 Rb8+ 75. Kc5 Rc8+ 76. Kb6 Kd6 77. Kb7 Rc2 78. Ra8
Bb5 79. Rd8+ Ke7 80. Rh8 Kd6 81. Rf8 Rb2 82. Ka7 Ra2+ 83. Kb6 Rb2 84. Ka5 Rb1
85. Rb8 Ra1+ 86. Kb4 Rb1+ 87. Kc3 Rc1+ 88. Kd2 Rc5 89. Rf8 Rc4 90. Be2 Rd4+ 91.
Kc3 Rxd5 92. Rd8+ Kxe6 93. Rxd5 Bxe2 94. Rg5 Kf6 95. Rg8 Kf7 96. Kd2 Bf3 97.
Rg5 Kf6 98. Rg8 Kf7 99. gxf3 Kxg8 100. Kd3 Kf7 101. Ke4 Ke6 1/2-1/2

[Event "78th UKR-ch"]
[Site "Alushta UKR"]
[Date "2009.05.14"]
[Round "4"]
[White "Kovalenko, Igor"]
[WhiteElo "2449"]
[Black "Trehubov, Vadym"]
[BlackElo "2237"]
[Result "1-0"]
[EventDate "2009.05.10"]
[PlyCount "73"]

1. e4 c5 2. Nf3 d6 3. d4 cxd4 4. Nxd4 Nf6 5. Nc3 a6 6. Be3 e5 7. Nb3 Qc7 8. f3
Be7 9. g4 Be6 10. Qd2 Nbd7 11. O-O-O b5 12. g5 Nh5 13. Nd5 Bxd5 14. exd5 Bd8
15. Kb1 O-O 16. c4 Qb8 17. c5 dxc5 18. Nxc5 Nxc5 19. Bxc5 Re8 20. Bd3 Bb6 21.
Rc1 Bxc5 22. Rxc5 Nf4 23. Be4 Rd8 24. Qc2 h6 25. gxh6 g6 26. d6 Ra7 27. Rc7 Kh7
28. Qc5 Rd7 29. Qxe5 Ne6 30. Rxd7 Rxd7 31. Rd1 Qb6 32. h4 Qc5 33. Qf6 Qh5 34.
Bc6 Ra7 35. d7 Qf5+ 36. Qxf5 gxf5 37. d8=Q 1-0

[Event "78th UKR-ch"]
[Site "Alushta UKR"]
[Date "2009.05.14"]
[Round "4"]
[White "Luzhinsky, Vitaly"]
[WhiteElo "2298"]
[Black "Yakymov, Volodymyr"]
[BlackElo "2453"]
[Result "0-1"]
[EventDate "2009.05.10"]
[PlyCount "70"]

1. d4 d5 2. c4 Nc6 3. Nc3 e6 4. Nf3 Bb4 5. e3 Nf6 6. a3 Bxc3+ 7. bxc3 O-O 8.
Bd3 Na5 9. cxd5 exd5 10. Ne5 c5 11. O-O c4 12. Bc2 Ne4 13. f3 Nxc3 14. Qe1 Nb5
15. a4 Nd6 16. Ba3 b6 17. Qb4 Nab7 18. e4 Be6 19. Rae1 Re8 20. Qb1 g6 21. Nc6
Qc7 22. Nb4 a5 23. Na2 c3 24. Rd1 dxe4 25. fxe4 Nxe4 26. d5 Bf5 27. g4 Bxg4 28.
Bxe4 Bxd1 29. Rxd1 Qc4 30. Re1 c2 31. Bxc2 Rxe1+ 32. Qxe1 Qxc2 33. Nc3 Nc5 34.
Bxc5 bxc5 35. Ne4 Rb8 0-1

[Event "78th UKR-ch"]
[Site "Alushta UKR"]
[Date "2009.05.14"]
[Round "4"]
[White "Ivanets, Serhii"]
[WhiteElo "2228"]
[Black "Poluektov, Yury"]
[BlackElo "2390"]
[Result "0-1"]
[EventDate "2009.05.10"]
[PlyCount "74"]

1. e4 e6 2. d4 d5 3. e5 c5 4. c3 Qb6 5. Nf3 Bd7 6. a3 c4 7. g3 Nc6 8. Bh3 Na5
9. Nbd2 Ne7 10. O-O Nec6 11. Kh1 Be7 12. Ne1 O-O-O 13. f4 g6 14. Ng2 Nb3 15.
Rb1 Nxd2 16. Bxd2 Kb8 17. Ne3 h5 18. Bg2 Na5 19. Bf3 Rdg8 20. Kg2 f6 21. exf6
Bxf6 22. Be1 g5 23. fxg5 Bxg5 24. Bf2 Be8 25. Bg1 Bg6 26. Nc2 Nb3 27. Rf2 h4
28. Qe1 hxg3 29. hxg3 Bf5 30. Bh2 Bf4 31. Re2 Qc7 32. Kg1 Bxg3 33. Bxg3 Rxg3+
34. Bg2 Be4 35. Rxe4 dxe4 36. Qe2 Qh7 37. Rf1 Qh1+ 0-1

[Event "78th UKR-ch"]
[Site "Alushta UKR"]
[Date "2009.05.14"]
[Round "4"]
[White "Golovany, Andrei"]
[WhiteElo "2280"]
[Black "Bogdanovich, Stanislav"]
[BlackElo "2414"]
[Result "1-0"]
[EventDate "2009.05.10"]
[PlyCount "113"]

1. Nf3 d5 2. c4 c6 3. b3 Nf6 4. Bb2 Bg4 5. e3 e6 6. Be2 Bd6 7. h3 Bxf3 8. Bxf3
O-O 9. O-O Nbd7 10. Nc3 Qe7 11. d4 Ba3 12. Qc2 Bxb2 13. Qxb2 Rfd8 14. Rfd1 Nb6
15. cxd5 exd5 16. Qc2 g6 17. Re1 Kg7 18. Rad1 Re8 19. Qb2 Rad8 20. Be2 Nc8 21.
Bd3 Kg8 22. Rc1 Nd6 23. Qa3 Nd7 24. Na4 f5 25. Nc5 a6 26. Nxd7 Rxd7 27. Qb4 Qf6
28. Qd2 Rde7 29. f4 Kh8 30. Qf2 g5 31. Re2 g4 32. h4 g3 33. Qxg3 Rg7 34. Qh3
Reg8 35. Kf2 Rg4 36. g3 Qe6 37. Rg1 Ne8 38. h5 Nf6 39. Ke1 Kg7 40. Kd2 Kh6 41.
Kc2 b6 42. Kb2 c5 43. Rc1 Nd7 44. Kb1 Kg7 45. Bxa6 Kf6 46. Qh1 Qc6 47. Bc4 R8g7
48. Bxd5 Qd6 49. dxc5 bxc5 50. Rd1 Qc7 51. e4 Nb6 52. exf5 Re7 53. Qe1 Nxd5 54.
Rxd5 c4 55. Rxe7 Qxe7 56. Qc3+ Kf7 57. Qxc4 1-0